| 000 | 00490nam a2200193Ia 4500 | ||
|---|---|---|---|
| 008 | 140306s9999 xx 000 0 und d | ||
| 020 | _a9.7805162476e+012 | ||
| 050 |
_aPZ 8.3 _b.H84623Old 2006 |
||
| 100 | _aHsu, Stacey W. | ||
| 245 |
_aOld Mo / _cStacey W. Hsu |
||
| 260 |
_aUSA : _bScholastic Inc, _cc2006. |
||
| 300 |
_a30 p. : _bcol. Ill. ; _c16 cm. |
||
| 521 | _aG1 | ||
| 526 | _cBR | ||
| 650 |
_aCats _xFiction. |
||
| 650 | _aStories in rhyme. | ||
| 942 | _cBK | ||
| 999 |
_c42874 _d42874 |
||